000 01241naa a22003617a 4500
001 BR8405230
003 BR-BrBNA
005 20240918175454.0
007 ta
008 230509b bl.||||| |||| 00| 0 por d
040 _aBR-BrBNA
_bpor
_cBiblioteca Nacional de Agricultura
041 _a(Pt)
072 _aH20; F01; E70
_b1000
_b4150
_b3530
090 _aH20 BR8405230
100 1 _aRosseti, V.V.
111 1 _a1. Seminario Paulista de Sementes e Mudas
_cSao Paulo, SP (Brazil)
_d10-12 Dec 1984
245 1 _aObtencao de plantas matrizes de citros, livres de virus, viroides e micoplasma
260 3 _aSao Paulo, SP (Brasil):
_c1984.
500 _aAnais do 1. Seminario Paulista de Sementes e Mudas Sao Paulo, SP (Brasil): 1984. p. 249-272 (BR8405230-AM)H20
650 _aFRUTA CITRICA
650 _aVARIEDADE
650 _aMUDA
650 _aMATRIZ
650 _aENXERTO
650 _aPORTA ENXERTO
650 _aVIRUS
650 _aCERTIFICACAO DE SEMENTE
650 _aINSPECAO SANITARIA
650 _aCONTROLE DE QUALIDADE
773 0 _tAnais do 1. Seminario Paulista de Sementes e Mudas
_wH20 BR8405230
_gSao Paulo, SP (Brasil), 1984. p. 249-272
909 _a202404
_bLucia
_c55
_dLucia Elande
942 _cAM
_2AGRIS
999 _c316886
_d316886